Towards financial inclusion in India / (Record no. 59794)

MARC details
000 -LEADER
fixed length control field 01360nam a22003257a 4500
005 - DATE AND TIME OF LATEST TRANSACTION
control field 20111221152034.0
008 - FIXED-LENGTH DATA ELEMENTS--GENERAL INFORMATION
fixed length control field 111221t xxu||||| |||| 00| 0 eng d
010 ## - LCCN (DPL NO)
LC control number ENG-104411
020 ## - INTERNATIONAL STANDARD BOOK NUMBER
International Standard Book Number 9788132105848
Terms of availability 995.00
035 ## - SYSTEM CONTROL NUMBER
System control number EN-87944
037 ## - SOURCE OF ACQUISITION
Source of stock number/acquisition DBAD/PUB
040 ## - CATALOGING SOURCE
Original cataloging agency DPL
Language of cataloging Eng
082 00 - DEWEY DECIMAL CLASSIFICATION NUMBER
Classification number 332.10954
Edition number 22
100 1# - MAIN ENTRY--PERSONAL NAME
Personal name Karmakar, K. G.
Dates associated with a name 1952-
9 (RLIN) 37327
245 10 - TITLE STATEMENT
Title Towards financial inclusion in India /
Statement of responsibility, etc by K.G. Karmakar, G.D. Banerjee [and] N.P. Mohapatra
260 ## - PUBLICATION, DISTRIBUTION, ETC. (IMPRINT)
Place of publication, distribution, etc New Delhi
Name of publisher, distributor, etc SAGE Publications
Date of publication, distribution, etc 2011
270 ## - ADDRESS
Address B1/I-1 Mohan Cooperative Industrial Area, Mathura Road
City New Delhi
Postal code 110044
300 ## - PHYSICAL DESCRIPTION
Extent xx, 575 p. :
Other physical details ill.
Dimensions 23cm(Hb)
500 ## - GENERAL NOTE
General note Includes index.
650 #0 - SUBJECT ADDED ENTRY--TOPICAL TERM
Topical term or geographic name as entry element Financial services industry
General subdivision Social aspects
Geographic subdivision India.
9 (RLIN) 37328
650 #0 - SUBJECT ADDED ENTRY--TOPICAL TERM
Topical term or geographic name as entry element Banks and banking
General subdivision Social aspects
Geographic subdivision India.
9 (RLIN) 37329
650 #0 - SUBJECT ADDED ENTRY--TOPICAL TERM
Topical term or geographic name as entry element Finance
General subdivision Social aspects
Geographic subdivision India.
9 (RLIN) 37330
650 #0 - SUBJECT ADDED ENTRY--TOPICAL TERM
Topical term or geographic name as entry element Microfinance
Geographic subdivision India.
9 (RLIN) 37331
650 #0 - SUBJECT ADDED ENTRY--TOPICAL TERM
Topical term or geographic name as entry element Poor
Geographic subdivision India
General subdivision Finance, Personal.
9 (RLIN) 37332
700 1# - ADDED ENTRY--PERSONAL NAME
Personal name Banerjee, Gangadhar
9 (RLIN) 37333
700 1# - ADDED ENTRY--PERSONAL NAME
Personal name Mohapatra, N. P.
9 (RLIN) 37334
942 ## - ADDED ENTRY ELEMENTS (KOHA)
Source of classification or shelving scheme Dewey Decimal Classification
Item type English Books
Classification part 332.10954
Call number suffix KAR
Holdings
Withdrawn status Lost status Source of classification or shelving scheme Damaged status Not for loan Collection code Home library Current library Date acquired Source of acquisition Cost, normal purchase price Total Checkouts Full call number Barcode Date last seen Copy number Cost, replacement price Koha item type
    Dewey Decimal Classification   Not For Loan Non-fiction D.B.Act.Division D.B.Act.Division 21/12/2011 DBAD/PUB 995.00   332.10954 KAR EN-87944 21/12/2011 1 995.00 English Books

© Delhi Public Library
Hit Counter
free hit counter